Statistics for Famous Foreign-language Films

Click here to take the quiz!

General Stats

  • This quiz has been taken 27 times
    (20 since last reset)
  • The average score is 10 of 29

Answer Stats

HintAnswer% Correct
KoreanParasite
72%
JapaneseSeven Samurai
72%
silent (Germany)Metropolis
56%
JapaneseSpirited Away
50%
FrenchAmélie
44%
ItalianLife is Beautiful
44%
Italian
39%
Battleship Potemkin
39%
ItalianBicycle Thieves
39%
JapanesePrincess Mononoke
39%
JapaneseRashomon
39%
JapaneseMy Neighbor Totoro
33%
SpanishPan's Labyrinth
33%
SwedishThe Seventh Seal
33%
Italian/EnglishA Fistful of Dollars
28%
MandarinCrouching Tiger,
Hidden Dragon
28%
ItalianLa Dolce Vita
28%
Italian/EnglishThe Good, the Bad
and the Ugly
28%
The Intouchables
28%
Aramaic, Latin, HebrewThe Passion of the Christ
28%
GermanDownfall
22%
Italian/EnglishFor a Few Dollars More
22%
JapaneseHowl's Moving Castle
22%
GermanThe Lives of Others
22%
SwedishWild Strawberries
22%
JapaneseYour Name.
22%
Yucatec MayaApocalypto
17%
Babel
11%
Hindi3 Idiots
6%

Score Distribution

Percentile by Number Answered

Percent of People with Each Score

Your Score History

You have not taken this quiz since the last reset